000
00417nam a2200145Ia 4500
008
100204s9999 xx 000 0 und d
082
_b
5679
100
_a
चव्हाण बिमन
245
_a
बडाफास्ट
260
_b
"सरस प्रकाशन, ठाणे"
_c
1984
300
_a
207
630
_a
बडाफास्ट
730
_a
बडाफास्ट
942
_c
BOOK
999
_c
450229
_d
450226